000 00659cam a22002053a 4500
001 45644
003 PGUSA
005 20140828084045.0
008 140514s2014||||xxu|||||s|||||000 | eng d
040 _aPGUSA
_beng
042 _adc
100 1 _aRuh, A. K.
245 1 0 _aGuirlanden um Die Urnen der Zukunft :
_bEine interessante, originelle Familiengeschichte aus dem drei und zwanzigsten Jahrhunderte
_h[electronic resource] /
_cA. K. Ruh
260 _bProject Gutenberg,
_c2014
506 _aPublic domain in the USA.
516 _aElectronic text
830 0 _aProject Gutenberg
_v45644
856 4 0 _uhttp://www.gutenberg.org/ebooks/45644
942 _cEB
999 _c274894
_d274894